Geboren in Heilbronn - Statistiken

Allgemein
  • Dieses Quiz wurde 69 mal gespielt
    40 seit der letzten Aktualisierung
  • Das Durchschnittsergebnis liegt bei 3 aus 11
Antwortstatistiken
Hinweis Antwort % Korrekt
Gründer von Lidl und Kaufland, einer der reichsten Deutschen 1939 Dieter Schwarz
88%
Autopionier, arbeitete mit Daimler zusammen. Namensgeber einer Luxusautomarke 1846 Wilhelm Maybach
44%
SPD-Politiker und Oberbürgermeister von Heilbronn 1956 Harry Mergel
41%
CDU-Politiker, Innenminister von Baden-Württemberg und stellvertretender Ministerpräsident 1960 Thomas Strobl
41%
Schauspielerin, "Game of Thrones" "Gegen die Wand" 1980 Sibel Kekili
26%
Arzt und Formulierer des Ersten Hauptsatzes der Thermodynamik 1814 Robert Mayer
24%
ehemaliger Fußballspieler und langjähriger Spieler für Heidenheim 1985 Marc Schnatterer
21%
Handballnationalspieler, Rhein-Neckar Löwen 1998 Sebastian Heymann
21%
Fußballtrainer (ehemals Ingolstadt, Wehen Wiesbaden und Großaspach) 1978 Rüdiger Rehm
18%
Begründer der deutschen Papiermaschinenindustrie 1799 Johann Jakob Widmann
9%
früherer Tagesschausprecher und langjähriger Moskaukorrespodent 1951 Thomas Roth
9%
Keine übereinstimmenden Quizze gefunden
Verteilung der Resultate
Anzahl Personen mit jedem Resultat
Perzentil nach korrekt beantworteten Fragen
Ihre Resultats-Entwicklung
Sie haben dieses Quiz seit der letzten Aktualisierung nicht gespielt